Geography Quiz

Random Geography or State Quiz
Score 0/26 Timer 03:00
2 Plays Today
Letter State % Correct
QNo States With Q!
100%
ETexas
96.2%
TTexas
96.2%
XTexas
96.2%
CCalifornia
96%
FCalifornia
96%
ICalifornia
96%
NCalifornia
96%
OCalifornia
96%
RCalifornia
96%
AAlaska
95.5%
KAlaska
95.5%
LAlaska
95.5%
Letter State % Correct
SAlaska
95.5%
MMontana
83.9%
ZArizona
82.4%
UUtah
80.9%
GWyoming
79.4%
YWyoming
79.4%
VNevada
75.1%
DNevada
75.1%
WNew Mexico
73.8%
JNew Jersey
70.8%
HIdaho
60.2%
BNebraska
57.1%
PMississippi
43.8%

You're not logged in!

Compare scores with friends on all Sporcle quizzes.
OR
Log In

Sporcle TV

Today on Sporcle TV


Watch our educational content, quiz creation guides, and fun videos on Sporcle TV.

Show Comments

Extras

Top Quizzes Today


Score Distribution

Your Account Isn't Verified!

In order to create a playlist on Sporcle, you need to verify the email address you used during registration. Go to your Sporcle Settings to finish the process.

Report this User

Report this user for behavior that violates our Community Guidelines.

Details: